LEADER 01003nam a2200265 i 4500 001 000000036262 003 CaOOAMICUS 005 20090410000000.0 008 090410s1990 it u000 u ita u 013 $a5516 020 $a88-7217-001-X 040 $aSeMil$bita 100 1 $aRosay, Jean Mathieu.$0(OLS)http://semarc/name/17060 245 10$aDizionario cronologico dei papi /$cJean Mathieu Rosay. 260 $aMilano :$bPan,$ccopyr. 1990. 300 $a345 p. ;$c23 cm. 500 $aContiene : Bibliografia. 650 4$aPapi - Cronologia.$0(OLS)http://semarc/subject/6890 773 0 $tDizionari.$dMilano : Pan, 1990.$w()21074 850 $aSeMil 852 $aSeMil$W1$xVenegono$y1$m3A IV 257$j2417$B2417$CSeMilBibl$Z2$F2417 $81 961 $aAcquisto: Centro Vendite Curia 996 $6020$a88-7217-001-X$9(OLS)http://semarc/number/4808 996 $6245$aDizionario cronologico dei papi$9(OLS)http://semarc/title/50091 996 $6260$aMilano :$bPan$9(OLS)http://semarc/publisher/31802 LEADER 00926nam a2200241 i 4500 001 000000110625 003 CaOOAMICUS 005 20050317000000.0 008 050317s1984 it u000 u ita u 013 $a83306 040 $aSeMil$bita 100 1 $aChiusano, Italo Alighiero,$d<1926-1995>.$0(OLS)http://semarc/name/2997 245 10$aLiteratur :$bscrittori e libri tedeschi /$cItalo Alighiero Chiusano. 260 $aMilano :$bRusconi,$c1984. 300 $a715 p. ;$c21 cm. 500 $aFondo Card. C.M. Martini. 650 4$aLetteratura tedesca - Storia.$0(OLS)http://semarc/subject/557 850 $aSeMil 852 $aSeMil$W1$xVenegono$y1$m1V V 18$j66496$B66496$CSeMilBibl$Z2$F94531 $81 941 1 $a4 961 $aOmaggio: Martini Card. Carlo Maria 996 $6245$aLiteratur :$bscrittori e libri tedeschi$9(OLS)http://semarc/title/160821 996 $6260$aMilano :$bRusconi$9(OLS)http://semarc/publisher/30258